000 00249nam a2200097Ia 4500
001 1157768
005 20250827011247.0
008 250824s9999 xx 000 0 und d
245 0 _aTEKNOLOJİ FELSEFESİ
_cSTİG BORSEN
260 _bKETEBE YAYINLARI
999 _c1157768
_d1157768